Statistics for Buildings by Silhouette

Click here to take the quiz!

General Stats

  • This quiz has been taken 19,033 times
  • The average score is 5 of 9

Answers on the Map

Answers color-coded by a green-red scale on the quiz's map according to % correct below.
Loading ...
 

Answer Stats

Buildings % Correct
Eiffel Tower
98%
Empire State Building
91%
Burj Khalifa
65%
CN Tower
53%
Willis Tower
50%
Petronas Towers
50%
Taipei 101
32%
Chrysler Building
32%
Canton Tower
7%

Score Distribution

Percentile by Number Answered

Percent of People with Each Score

Your Score History

You have not taken this quiz